Rationalization And Machining Cost Calculation Of Pipe (Record no. 80027)
[ view plain ]
| 000 -LEADER | |
|---|---|
| fixed length control field | 00449nam a2200145Ia 4500 |
| 008 - FIXED-LENGTH DATA ELEMENTS--GENERAL INFORMATION | |
| fixed length control field | 221007s9999 xx 000 0 und d |
| 041 ## - LANGUAGE CODE | |
| Language code of text/sound track or separate title | eng |
| 082 ## - DEWEY DECIMAL CLASSIFICATION NUMBER | |
| Item number | PRA |
| 100 ## - MAIN ENTRY--PERSONAL NAME | |
| Personal name | Pranita Bhujbal - 2k171007; Prof. Ganesh Lotke - Guide & Wilo Mather + Plant |
| 9 (RLIN) | 105127 |
| 245 ## - TITLE STATEMENT | |
| Title | Rationalization And Machining Cost Calculation Of Pipe |
| 260 ## - PUBLICATION, DISTRIBUTION, ETC. (IMPRINT) | |
| Name of publisher, distributor, etc. | Savitribai Phule Pune University |
| Place of publication, distribution, etc. | Pune |
| 300 ## - PHYSICAL DESCRIPTION | |
| Extent | 50p |
| Dimensions | Hard Bound |
| 440 ## - SERIES STATEMENT/ADDED ENTRY--TITLE | |
| Volume/sequential designation | 1 |
| 906 ## - LOCAL DATA ELEMENT F, LDF (RLIN) | |
| b | General |
| Withdrawn status | Lost status | Damaged status | Not for loan | Home library | Current library | Date acquired | Vendor | Total Checkouts | Full call number | Barcode | Date last seen | Bill Date | Koha item type | Original Barcode |
|---|---|---|---|---|---|---|---|---|---|---|---|---|---|---|
| Smt. Hiraben Nanavati Institute of Management & Research for Women | Smt. Hiraben Nanavati Institute of Management & Research for Women | 19/12/2018 | HNIMR | PRA | HIMR-PR-693 | 07/10/2022 | 19/12/2018 | Project Reports | PR0693 |